Característica de la conductividad eléctrica para el agua extraída por condensación del proceso de refrigeración

Պահպանված է:
Մատենագիտական մանրամասներ
Հիմնական հեղինակ: Ramírez Mora, Alexander
Այլ հեղինակներ: Fernández Cascante, Osvaldo, 1987- Director de Proyecto Eléctrico
Ձևաչափ: Գիրք
Լեզու:Spanish
Հրապարակվել է: [San José], Costa Rica 2014
Խորագրեր:
Ցուցիչներ: Ավելացրեք ցուցիչ
Չկան պիտակներ, Եղեք առաջինը, ով նշում է այս գրառումը!

MARC

LEADER 00000nam a22000007a 4500
003 012192
005 20230818134143.0
008 150721b2014 cr a|||| |||| 00| ||spa d
040 |c cru CEDI 
100 |9 893  |a Ramírez Mora, Alexander 
245 |a Característica de la conductividad eléctrica para el agua extraída por condensación del proceso de refrigeración  
260 |a  [San José], Costa Rica  |c 2014 
500 |a  Proyecto de graduación (bachillerato en ingeniería eléctrica)--Universidad de Costa Rica. Facultad de Ingeniería. Escuela de Ingeniería Eléctrica 
501 |a Profesor Guía de IE-0499 Proyecto Eléctrico: Lic. Osvaldo Fernández Cascante 
650 |x CONDENSACION  |x REFRIGERACION   |x CONDUCTIVIDAD ELECTRICA   |x MATERIA CONDENSADA   |x AIRE ACONDICIONADO   |x AGUA   |x CALIDAD DEL AGUA - EVALUACION  |9 894 
700 |9 1148  |a  Fernández Cascante, Osvaldo, 1987-  |d Director de Proyecto Eléctrico  
942 |c CEDI  |h TFG 7357  |6 TFG_7357_000000000000000 
999 |c 13897  |d 13897